|
|
|
|
| LEADER |
02013nam a2200337 a 4500 |
| 001 |
013182996 |
| 008 |
111129s2005 ne a b 001 0 eng d |
| 020 |
|
|
|a 9055892297 (pbk.)
|
| 020 |
|
|
|a 13816705
|
| 040 |
|
|
|a Uk
|b eng
|c Uk
|d BD-DhAAL
|
| 082 |
0 |
0 |
|a 306.461095492
|2 22
|
| 100 |
1 |
|
|a Zaman, Shahaduz,
|d 1962-
|
| 245 |
1 |
0 |
|a Broken limbs, broken lives :
|b ethnography of a hospital ward in Bangladesh /
|c Shahaduz Zaman.
|
| 260 |
|
|
|a Amsterdam :
|b Het Spinhuis,
|c 2005.
|
| 300 |
|
|
|a xi, 250 p. :
|b ill., maps ;
|c 23 cm.
|
| 490 |
1 |
|
|a Health, culture, and society,
|x 1381-6705
|
| 490 |
1 |
|
|a Studies in medical anthropology and sociology
|
| 500 |
|
|
|a Originally presented as the author's thesis (Ph. D.--University of Amsterdam).
|
| 504 |
|
|
|a Includes bibliographical references and index.
|
| 541 |
1 |
|
|e 00023888
|
| 650 |
1 |
2 |
|a Medical anthropology
|x Bangladesh.
|
| 650 |
|
0 |
|a Social medicine
|z Bangladesh.
|
| 650 |
|
0 |
|a Hospitals
|z Bangladesh
|x Sociological aspects.
|
| 830 |
0 |
|
|a Health, culture, and society,
|x 1381-6705
|
| 852 |
1 |
|
|a Ayesha Abed Library
|j General shelf
|
| 999 |
|
|
|c 11526
|d 11526
|
| 952 |
|
|
|0 0
|1 0
|2 ddc
|4 0
|6 306_461095492000000_ZAM
|7 0
|9 18741
|a JPGSPH
|b JPGSPH
|c GEN
|d 2011-11-29
|e School of Public Helath
|l 0
|o 306.461095492 ZAM
|p 3060023888
|r 2011-11-30
|t 1
|w 2011-11-30
|y BK
|
| 952 |
|
|
|0 0
|1 0
|2 ddc
|4 0
|6 306_461095492000000_ZAM
|7 0
|9 18742
|a JPGSPH
|b JPGSPH
|c GEN
|d 2011-11-29
|e School of Public Helath
|l 0
|o 306.461095492 ZAM
|p 3060023889
|r 2011-11-30
|t 2
|w 2011-11-30
|y BK
|
| 952 |
|
|
|0 0
|1 0
|2 ddc
|4 0
|6 306_461095492000000_ZAM
|7 0
|9 18743
|a JPGSPH
|b JPGSPH
|c GEN
|d 2011-11-29
|e School of Public Helath
|l 0
|o 306.461095492 ZAM
|p 3060023890
|r 2011-11-30
|t 3
|w 2011-11-30
|y BK
|
| 952 |
|
|
|0 0
|1 0
|2 ddc
|4 0
|6 306_461095492000000_ZAM
|7 0
|9 18744
|a JPGSPH
|b JPGSPH
|c GEN
|d 2011-11-29
|e School of Public Helath
|l 0
|o 306.461095492 ZAM
|p 3060023891
|r 2011-11-30
|t 4
|w 2011-11-30
|y BK
|
| 952 |
|
|
|0 0
|1 0
|2 ddc
|4 0
|6 306_461095492000000_ZAM
|7 0
|9 18745
|a JPGSPH
|b JPGSPH
|c GEN
|d 2011-11-29
|e School of Public Helath
|l 0
|o 306.461095492 ZAM
|p 3060023892
|r 2011-11-30
|t 5
|w 2011-11-30
|y BK
|